MDQL
is popping MORE tags! Check the
thread
!
Quizzes
Events
Quiz Creation
Community
Videos
Private Events
Remove Ads
Sign In
Join for FREE
Feedback
Dark Mode
Quiz Categories
Sports
Geography
Music
Movies
Television
Just For Fun
Miscellaneous
History
Literature
Language
Science
Gaming
Entertainment
Religion
Holiday
For Kids
Quiz Lab
Recent
Popular Today
Quiz Kudos Today
Editor Picks
Curator Picks
Quizzes by...
Day
Popularity
Type
Ratings
Length
Year
Community
Subscriptions
Recent Discussions
Orange Saloon
Badges
Playlists
Quests
Create
Leaderboards
Showdown
Live 5
Trivia Bingo
Activity
Puzzle Library
Sporcle Events
Private Events
Virtual Trivia
Globe League
Become a Host
Pub Owners
SporcleCon
Opinionation
Our Games
Videos
Blog
Mobile Apps
Partnerships
Remove Ads and Go Orange
Feedback
Geography
Country
Landmarks
City
State
Population
World
Capital
Continent
Flags
Europe
Africa
Asia
South America
North America
Oceania
Border
Canada
United Kingdom
Topography
United States
Geography
Country
Landmarks
City
State
Population
World
Capital
Continent
Flags
Europe
Africa
Asia
South America
North America
Oceania
Border
Canada
United Kingdom
Topography
United States
Random Quiz
Search Sporcle
×
Quiz Lab
Quiz Lab
Geography
National Geography
Type in answers that appear in a list
Type in answers that appear in a list
Classic
Best Score? Go Orange.
Guess the State: National Parks Stats
Can you name the state or territory in which each National Park is located?
By
mycomplaint
10m
59 Questions
176 Plays
176 Plays
176 Plays
Comments
Comments
Give Quiz Kudos
Give Quiz Kudos
-
- Ratings
hide this ad
Forced Order
Answers have to be entered in order
Answers have to be entered in order
Replay
Link that replays current quiz
Next Quiz
Link to next quiz in quiz playlist
You Got
0%
They Got
Avg Score
75%
Avg Friend Score
Upgrade to see
Score Distribution
Jump to the score distribution portion of the page
Score
0/59
Timer
10:00
0
Plays Today
Park
State
% Correct
Arches
Utah
90.9%
Death Valley
California & Nevada
90.9%
Acadia
Maine
90.3%
Badlands
South Dakota
89.8%
Grand Canyon
Arizona
89.8%
Hawaii Volcanoes
Hawaii
89.2%
Bryce Canyon
Utah
86.4%
Everglades
Florida
86.4%
Yellowstone
Wyoming, Montana, & Idaho
85.8%
Gates of the Arctic
Alaska
85.2%
Denali
Alaska
84.7%
Haleakala
Hawaii
84.7%
Glacier Bay
Alaska
84.1%
Yosemite
California
83%
Crater Lake
Oregon
82.4%
Canyonlands
Utah
81.8%
Glacier
Montana
81.3%
Joshua Tree
California
81.3%
Olympic
Washington
80.7%
Sequoia
California
80.7%
Redwood
California
80.1%
Grand Teton
Wyoming
79.5%
Zion
Utah
79.5%
Big Bend
Texas
79%
Great Smoky Mountains
Tennessee & North Carolina
79%
Rocky Mountain
Colorado
79%
Carlsbad Caverns
New Mexico
77.8%
Virgin Islands
Virgin Islands
77.8%
Dry Tortugas
Florida
77.3%
Biscayne
Florida
76.7%
Park
State
% Correct
Mount Rainier
Washington
76.7%
Hot Springs
Arkansas
75.6%
Guadalupe Mountains
Texas
73.9%
Channel Islands
California
73.3%
Kenai Fjords
Alaska
73.3%
National Park of American Samoa
American Samoa
72.7%
Black Canyon of the Gunnison
Colorado
72.2%
Cuyahoga Valley
Ohio
72.2%
Shenandoah
Virginia
72.2%
Katmai
Alaska
69.9%
Mesa Verde
Colorado
69.9%
North Cascades
Washington
69.9%
Saguaro
Arizona
69.3%
Petrified Forest
Arizona
68.2%
Capitol Reef
Utah
67.6%
Great Basin
Nevada
67.6%
Kings Canyon
California
67.6%
Mammoth Cave
Kentucky
67%
Great Sand Dunes
Colorado
66.5%
Kobuk Valley
Alaska
65.9%
Theodore Roosevelt
North Dakota
65.9%
Isle Royale
Michigan
65.3%
Lassen Volcanic
California
65.3%
Wrangell-
St. Elias
Alaska
64.2%
Pinnacles
California
63.1%
Congaree
South Carolina
61.9%
Lake Clark
Alaska
60.2%
Voyageurs
Minnesota
57.4%
Wind Cave
South Dakota
50.6%
Quiz Playlist
Details
Report
Send in Message
Add To Playlist
Classic:
Type in answers that appear in a list
Forced Order:
Answers have to be entered in order
Quiz Source
Last Updated: Feb 16, 2017
Quiz Scoreboard
CHALLENGE
Sign Up to Join the Scoreboard
Show All
Scores
Hide
Comments
May contain spoilers
Recently Published
Find the 'City' Movie
by crazypaving
Movies
60s
5x2 Blitz: Bands
by SL_Kpop136
Music
30s
Colored Red Africa Blitz
by spor1
Geography
30s
More to Explore
Quiz From the Vault
Featured Blog Post
14 Easter Pick-up Lines to Find Eggs With
hide this ad
You Might Also Like...
Tags
America
National Geography
National Parks
nature
nps
USA
Today's Top Quizzes in Geography
Browse Geography
hide this ad
Today's Top Quizzes in National Geography
Browse National Geography
Top Contributed Quizzes in Geography
1
Countries of the World - No Outlines Minefield
2
Colored Red Europe Blitz I
3
Colored Red Africa Blitz II
4
Colored Red Europe Blitz II
5
Colored Red Europe Blitz III
6
Colored Red Africa Blitz III
7
Colored Red States Blitz I
8
Colored Red States Blitz II
9
Colored Red States Blitz III
10
Blind Secret Country CLXXXIX
Explore More
Trending Topics
Kpop
NBA
Harry Potter
Disney
Crossword
Anime
Marvel
Pokémon
Song
The Office
Country
NFL
Puzzle
WWE
Soccer
hide this ad
More By:
mycomplaint
Quiz
Plays
Rating
Category
Featured
Created
National Park Service Sites: Northeast
259
4.50
Geography
Oct 23, 2015
National Park Service Sites: Southeast
227
5.00
Geography
Oct 25, 2015
National Park Service Sites: Intermountain
219
Geography
Oct 27, 2015
National Park Service Sites: Midwest
194
Geography
Oct 26, 2015
Guess the State: National Parks
176
5.00
Geography
May 20, 2016
Go to Creator's Profile
Score Distribution
Quiz Creator Spotlight
mycomplaint
Follow
Send a Message
Quizzes Created
-
Created Quiz Play Count
-
More By This Creator
Popular Quizzes Today
1
Find the 'City' Movie
2
Colored Red Africa Blitz
3
5x2 Blitz: Bands
4
Find the US States - No Outlines Minefield
5
The Countries of the World
6
Find the US States
7
US States
8
9x9 Crossword: Cartoon Network
More Geography Quizzes
Flags Antarctica: Show Your True Colors
Quiz Lab
Trending Quizzes
Colored Red Europe Blitz I
Colored Red Africa Blitz II
Colored Red Europe Blitz II
Colored Red Europe Blitz III
Colored Red Africa Blitz III
Recently Updated
Famous TV Couples
Peacemaker
Champions League XIs: Real Madrid
pecheneg
Largest US Cities 1790-2010
pecheneg
Rides in Walt Disney World
pecheneg
Most Oscar Losses (Acting)
pecheneg
Beyoncé Albums
pecheneg
Leaping Animals
pecheneg
Reality TV Shows (A-Z)
bhenderson79
Rickey Henderson's Hall of Fame Teammates
pecheneg
Champions League XIs: Arsenal
pecheneg
Trending Topics
Kpop
Marvel
Anime
NBA
Harry Potter
Disney
Crossword
Song
Country
Puzzle
The Office
NFL
Pokémon
WWE
Soccer
Your Account Isn't Verified!
In order to create a playlist on Sporcle, you need to verify the email address you used during registration. Go to your
Sporcle Settings
to finish the process.
Report this User
Report this user for behavior that violates our
Community Guidelines
.
Details:
Send Report
Go to the Sporcle.com Mobile Site →
Comments